[Event "Chess Summer Candidates"]
[Site "Aarhus"]
[Date "2002.07.10"]
[Round "6"]
[White "Hoiberg, Nina"]
[Black "Petersen, Tom Petri"]
[Result "1/2-1/2"]
[WhiteElo "2268"]
[BlackElo "2109"]
[PlyCount "69"]
[EventDate "2002.07.05"]
[EventType "tourn"]
[EventRounds "9"]
[EventCountry "DEN"]


1. e4 g6 2. Nc3 Bg7 3. f4 d6 4. g3 c5 5. Bg2 Nc6 6. Nf3 e6 7. O-O Nge7 8. d3
O-O 9. Be3 Nd4 10. Qd2 Rb8 11. Rae1 b5 12. e5 Nef5 13. Bf2 Bb7 14. Ne4 Nxf3+
15. Bxf3 Nd4 16. Bxd4 Bxe4 17. Rxe4 cxd4 18. Rxd4 Qb6 19. Qe3 dxe5 20. fxe5 Qc5
21. c3 Bxe5 22. Re4 Qxe3+ 23. Rxe3 Bg7 24. d4 b4 25. Rd3 bxc3 26. bxc3 Rb2 27.
Rf2 Rfb8 28. Rxb2 Rxb2 29. d5 Rc2 30. dxe6 fxe6 31. Rd8+ Bf8 32. Bg4 Rxc3 33.
Bxe6+ Kg7 34. Kg2 Rc7 35. Rd7+ 1/2-1/2

[Event "Chess Summer Candidates"]
[Site "Aarhus"]
[Date "2002.07.10"]
[Round "6"]
[White "Jacobsen, Bo"]
[Black "Lonborg, Morten"]
[Result "0-1"]
[WhiteElo "2260"]
[BlackElo "2152"]
[PlyCount "88"]
[EventDate "2002.07.05"]
[EventType "tourn"]
[EventRounds "9"]
[EventCountry "DEN"]


1. g3 e5 2. c4 Nf6 3. Nc3 Nc6 4. Bg2 Bc5 5. e3 O-O 6. a3 a6 7. Nge2 Re8 8. O-O
Ba7 9. h3 d6 10. Qc2 Ne7 11. b4 c6 12. d4 Be6 13. dxe5 dxe5 14. c5 Qc7 15. e4
a5 16. Na4 axb4 17. axb4 b6 18. Be3 bxc5 19. bxc5 Rab8 20. Ra3 Rb4 21. Rfa1 Nd7
22. Bf1 f5 23. Nb6 Bb8 24. Bg2 Nf6 25. Nc3 f4 26. Bd2 fxg3 27. fxg3 Rd8 28. Be1
Ng6 29. Nb1 Rbd4 30. Nd2 h5 31. Nf3 h4 32. Nxd4 exd4 33. Rd1 Nh5 34. Nc4 hxg3
35. Ba5 Qe7 36. Bxd8 Qxd8 37. Ra8 Kh7 38. Qb2 Qh4 39. Rxb8 Bxc4 40. Rxd4 Be6
41. Rd6 Nhf4 42. Rb7 Qh6 43. Qd2 Bxh3 44. Bf3 Qg5 0-1

[Event "Chess Summer Candidates"]
[Site "Aarhus"]
[Date "2002.07.10"]
[Round "6"]
[White "Jensen, Jacob Bjerre"]
[Black "Matthiesen, Arne"]
[Result "1-0"]
[WhiteElo "2182"]
[BlackElo "2287"]
[PlyCount "77"]
[EventDate "2002.07.05"]
[EventType "tourn"]
[EventRounds "9"]
[EventCountry "DEN"]


1. d4 d5 2. c4 c6 3. Nc3 Nf6 4. e3 e6 5. Nf3 Nbd7 6. Bd3 dxc4 7. Bxc4 b5 8. Bd3
b4 9. Ne4 Be7 10. Nxf6+ Nxf6 11. e4 Bb7 12. e5 Nd7 13. Be4 Qc7 14. O-O h6 15.
Be3 O-O 16. Rc1 Rfd8 17. Nd2 f5 18. Qb3 Nf8 19. Bxf5 Qd7 20. Be4 Rdc8 21. Qd1
Rc7 22. Qg4 Kh8 23. f4 Rb8 24. f5 Bg5 25. Bxg5 Qxd4+ 26. Kh1 hxg5 27. fxe6 g6
28. Qxg5 Nh7 29. Qf4 g5 30. Nf3 Qd8 31. Qf5 Qg8 32. Rcd1 Rf8 33. Qg4 Rf4 34.
Bxh7 Rxh7 35. Qxg5 Qxg5 36. Nxg5 Rxf1+ 37. Rxf1 Re7 38. Rf7 Rxf7 39. exf7 1-0

[Event "Chess Summer Candidates"]
[Site "Aarhus"]
[Date "2002.07.11"]
[Round "7"]
[White "Hagen, Andreas Skytte"]
[Black "Hoiberg, Nina"]
[Result "1/2-1/2"]
[WhiteElo "2185"]
[BlackElo "2268"]
[PlyCount "45"]
[EventDate "2002.07.05"]
[EventType "tourn"]
[EventRounds "9"]
[EventCountry "DEN"]


1. e4 e5 2. Nf3 Nc6 3. Nc3 Nf6 4. d4 exd4 5. Nxd4 d6 6. Bc4 Be7 7. O-O O-O 8.
Nxc6 bxc6 9. Re1 Be6 10. Bxe6 fxe6 11. Qe2 Kh8 12. f4 Nd7 13. Be3 d5 14. f5
exf5 15. exd5 cxd5 16. Nxd5 Bd6 17. Bf4 Nc5 18. Bxd6 Qxd6 19. Qe5 Qc6 20. Ne7
Qb6 21. Nd5 Qc6 22. Ne7 Qb6 23. Nd5 1/2-1/2

[Event "Chess Summer Candidates"]
[Site "Aarhus"]
[Date "2002.07.11"]
[Round "7"]
[White "Jensen, Vagn"]
[Black "Bank, Pelle Rodkjaer"]
[Result "0-1"]
[WhiteElo "2183"]
[BlackElo "2269"]
[PlyCount "48"]
[EventDate "2002.07.05"]
[EventType "tourn"]
[EventRounds "9"]
[EventCountry "DEN"]


1. e4 g6 2. d4 c6 3. Nc3 Bg7 4. Nf3 d5 5. Bf4 Bg4 6. exd5 cxd5 7. Nb5 Kf8 8. h3
Bxf3 9. Qxf3 Nc6 10. O-O-O Rc8 11. Kb1 a6 12. Nc3 e6 13. Qe3 h5 14. Rg1 Nge7
15. g4 Qb6 16. Ne2 Na5 17. Nc3 Kg8 18. Be5 Bxe5 19. dxe5 Qxe3 20. fxe3 hxg4 21.
hxg4 Rh2 22. Bd3 Nc4 23. Bxc4 Rxc4 24. Rd4 Nc6 0-1

[Event "Chess Summer Candidates"]
[Site "Aarhus"]
[Date "2002.07.11"]
[Round "7"]
[White "Lonborg, Morten"]
[Black "Jensen, Jacob Bjerre"]
[Result "1/2-1/2"]
[WhiteElo "2152"]
[BlackElo "2182"]
[PlyCount "33"]
[EventDate "2002.07.05"]
[EventType "tourn"]
[EventRounds "9"]
[EventCountry "DEN"]


1. d4 Nf6 2. c4 g6 3. Nc3 Bg7 4. e4 d6 5. Be2 O-O 6. Nf3 e5 7. O-O Nc6 8. d5
Ne7 9. b4 Nh5 10. Re1 f5 11. Ng5 Nf6 12. Bf3 c6 13. Qb3 cxd5 14. cxd5 Kh8 15.
Bb2 fxe4 16. Ncxe4 Nxe4 17. Bxe4 1/2-1/2

[Event "Chess Summer Candidates"]
[Site "Aarhus"]
[Date "2002.07.11"]
[Round "7"]
[White "Matthiesen, Arne"]
[Black "Baekgaard, Martin"]
[Result "1-0"]
[WhiteElo "2287"]
[BlackElo "2221"]
[PlyCount "81"]
[EventDate "2002.07.05"]
[EventType "tourn"]
[EventRounds "9"]
[EventCountry "DEN"]


1. d4 f5 2. Bg5 g6 3. e4 fxe4 4. Nc3 d5 5. f3 Nf6 6. fxe4 dxe4 7. Qd2 Bg7 8.
O-O-O Nc6 9. Bc4 Bg4 10. Nge2 Na5 11. Bb3 Nxb3+ 12. axb3 Qd7 13. h3 Be6 14. d5
Bf7 15. Bxf6 exf6 16. Nxe4 f5 17. Ng5 O-O-O 18. Nf4 Bh6 19. h4 Qe7 20. Rhe1 Qf6
21. Qd4 Bxg5 22. hxg5 Qxg5 23. Kb1 Kb8 24. Re3 Qg4 25. d6 cxd6 26. Re7 Be8 27.
Qxh8 Qxd1+ 28. Ka2 Qf1 29. Nd3 Qxg2 30. Rxe8 Rxe8 31. Qxe8+ Kc7 32. Qf7+ Kb6
33. Nb4 Qe4 34. Nd5+ Kc5 35. c4 Qe1 36. Nc3 Kd4 37. Qxb7 f4 38. Qd5+ Ke3 39.
Qe4+ Kf2 40. Qxf4+ Kg2 41. Qxd6 1-0

[Event "Chess Summer Candidates"]
[Site "Aarhus"]
[Date "2002.07.11"]
[Round "7"]
[White "Petersen, Tom Petri"]
[Black "Jacobsen, Bo"]
[Result "0-1"]
[WhiteElo "2109"]
[BlackElo "2260"]
[PlyCount "72"]
[EventDate "2002.07.05"]
[EventType "tourn"]
[EventRounds "9"]
[EventCountry "DEN"]


1. e4 g6 2. d4 Bg7 3. Nc3 c6 4. Nf3 b5 5. Bd3 d6 6. h3 Nd7 7. O-O a6 8. Ne2
Ngf6 9. c3 O-O 10. Be3 Re8 11. g4 e5 12. Ng3 Nf8 13. Qd2 Bb7 14. Kh2 Qc7 15.
Nh4 d5 16. Bh6 Nxe4 17. Bxe4 dxe4 18. Bxg7 Kxg7 19. d5 cxd5 20. Nh5+ Kh8 21.
Qh6 f6 22. Nxf6 Re6 23. g5 Rd8 24. Rae1 Qg7 25. Ng4 Qf7 26. f3 Qf4+ 27. Kg1
Qg3+ 28. Ng2 exf3 29. Rxf3 Qxf3 30. Rf1 d4 31. Rxf3 Bxf3 32. Nf6 d3 33. Nh4 Bh5
34. Nxh5 gxh5 35. Qxh5 e4 36. Ng2 e3 0-1

[Event "Chess Summer Candidates"]
[Site "Aarhus"]
[Date "2002.07.12"]
[Round "8"]
[White "Bank, Pelle Rodkjaer"]
[Black "Matthiesen, Arne"]
[Result "0-1"]
[WhiteElo "2269"]
[BlackElo "2287"]
[PlyCount "85"]
[EventDate "2002.07.05"]
[EventType "tourn"]
[EventRounds "9"]
[EventCountry "DEN"]


1. e4 g6 2. d4 Bg7 3. Nc3 c6 4. h3 d6 5. Be3 b5 6. g4 Nd7 7. Bg2 Bb7 8. f4 b4
9. Nce2 Nb6 10. Nf3 Nf6 11. Ng3 Nfd7 12. O-O c5 13. e5 Nd5 14. Bc1 cxd4 15. e6
fxe6 16. Ng5 Nc5 17. f5 O-O 18. fxe6 Rxf1+ 19. Qxf1 Qf8 20. Qc4 Nb6 21. Qe2 Ba6
22. Qe1 Rc8 23. N3e4 Nxe4 24. Bxe4 Qf6 25. Bd3 Bxd3 26. cxd3 Rc2 27. Bd2 h6 28.
Nf7 Qf3 29. Rc1 Rxc1 30. Bxc1 Qxd3 31. Nxh6+ Bxh6 32. Bxh6 Qxh3 33. Qf2 Qxg4+
34. Kf1 Qf5 35. Qxf5 gxf5 36. Ke2 Nd5 37. Kd3 Nc7 38. Kxd4 Nxe6+ 39. Kc4 f4 40.
Kxb4 Kh7 41. Bxf4 Nxf4 42. Kc4 e5 43. b4 0-1

[Event "Chess Summer Candidates"]
[Site "Aarhus"]
[Date "2002.07.12"]
[Round "8"]
[White "Hoiberg, Nina"]
[Black "Jensen, Vagn"]
[Result "1-0"]
[WhiteElo "2268"]
[BlackElo "2183"]
[PlyCount "85"]
[EventDate "2002.07.05"]
[EventType "tourn"]
[EventRounds "9"]
[EventCountry "DEN"]


1. e4 c5 2. Nf3 e6 3. b4 b6 4. b5 Bb7 5. Nc3 Qc7 6. Bb2 Nf6 7. Qe2 Be7 8. g3
O-O 9. Bg2 d5 10. e5 Ne4 11. O-O Nxc3 12. Bxc3 Nd7 13. d3 a6 14. a4 axb5 15.
axb5 Rxa1 16. Rxa1 Ra8 17. Qe1 Qb8 18. d4 c4 19. Rxa8 Qxa8 20. Bb4 Bxb4 21.
Qxb4 Qf8 22. Qa4 f6 23. Bh3 Kf7 24. Qa7 Qa8 25. Qxa8 Bxa8 26. Kf1 Bb7 27. Ke2
Bc8 28. Kd2 Nf8 29. Kc3 Bd7 30. Kb4 Ng6 31. Bg4 Ne7 32. Nd2 Nc8 33. Nb1 Na7 34.
Nc3 fxe5 35. dxe5 Ke7 36. f4 Kd8 37. Ne2 Ke7 38. Nd4 g6 39. Bf3 Kf7 40. g4 Ke7
41. f5 gxf5 42. gxf5 h6 43. f6+ 1-0

[Event "Chess Summer Candidates"]
[Site "Aarhus"]
[Date "2002.07.12"]
[Round "8"]
[White "Jacobsen, Bo"]
[Black "Hagen, Andreas Skytte"]
[Result "0-1"]
[WhiteElo "2260"]
[BlackElo "2185"]
[PlyCount "82"]
[EventDate "2002.07.05"]
[EventType "tourn"]
[EventRounds "9"]
[EventCountry "DEN"]


1. Nf3 Nf6 2. b3 e6 3. Bb2 c5 4. e3 b6 5. g3 Bb7 6. Bg2 Be7 7. O-O d6 8. d3
Nbd7 9. Qe2 Qc7 10. Nbd2 O-O 11. e4 b5 12. a4 c4 13. bxc4 bxc4 14. Nxc4 Rfc8
15. Nd4 a6 16. Rfb1 Rab8 17. Bc3 Bxe4 18. Rxb8 Nxb8 19. Ba5 Qc5 20. Nb3 Qc6 21.
Bxe4 Nxe4 22. Nd4 Qd5 23. Nf3 Nd7 24. Bb4 Nec5 25. a5 Rb8 26. Bc3 Bf6 27. Bxf6
Nxf6 28. Nb6 Qc6 29. Nd4 Qc7 30. h4 Nfd7 31. Nc4 d5 32. Nd2 Nf6 33. N2f3 Rb2
34. Kg2 h6 35. Ne5 Nfd7 36. Ng4 h5 37. Ne3 Nf6 38. Qf3 Ncd7 39. Ne2 Rb5 40. Nf4
Ne5 41. Qe2 d4 0-1

[Event "Chess Summer Candidates"]
[Site "Aarhus"]
[Date "2002.07.12"]
[Round "8"]
[White "Jensen, Jacob Bjerre"]
[Black "Baekgaard, Martin"]
[Result "0-1"]
[WhiteElo "2182"]
[BlackElo "2221"]
[PlyCount "46"]
[EventDate "2002.07.05"]
[EventType "tourn"]
[EventRounds "9"]
[EventCountry "DEN"]


1. d4 e6 2. Nf3 d5 3. c4 c6 4. e3 f5 5. Nc3 Nf6 6. Bd3 Bd6 7. Bd2 O-O 8. Qe2
Ne4 9. h3 Nd7 10. O-O-O Ndf6 11. g4 Kh8 12. Rdg1 dxc4 13. Bxc4 b5 14. g5 Nxc3
15. Bxc3 Ne4 16. Bd3 Nxc3 17. bxc3 Qa5 18. Qc2 c5 19. Kd2 Bb7 20. Be2 cxd4 21.
exd4 Rac8 22. Rb1 b4 23. c4 b3+ 0-1

[Event "Chess Summer Candidates"]
[Site "Aarhus"]
[Date "2002.07.12"]
[Round "8"]
[White "Lonborg, Morten"]
[Black "Petersen, Tom Petri"]
[Result "0-1"]
[WhiteElo "2152"]
[BlackElo "2109"]
[PlyCount "124"]
[EventDate "2002.07.05"]
[EventType "tourn"]
[EventRounds "9"]
[EventCountry "DEN"]


1. e4 g6 2. d4 Bg7 3. Nc3 d6 4. Nge2 Nd7 5. g3 e5 6. Bg2 Ngf6 7. O-O O-O 8. h3
Re8 9. Bg5 c6 10. d5 c5 11. Qd2 a6 12. Kh2 Qe7 13. Rae1 Qf8 14. Be3 b5 15. a4
b4 16. Nd1 a5 17. c4 h5 18. b3 Kh7 19. Ng1 Ra7 20. Nb2 Bh6 21. Nd3 Bxe3 22.
Rxe3 Qh6 23. f3 h4 24. g4 Kg7 25. Qf2 Ng8 26. Ne2 Ndf6 27. Kg1 Rae7 28. Nec1
Nd7 29. Ree1 Rf8 30. f4 exf4 31. Nxf4 Qg5 32. Ncd3 Ngf6 33. Re2 Rfe8 34. Rfe1
Nh7 35. Kh1 Qf6 36. Re3 Nhf8 37. Qe2 Kg8 38. Rf1 Qg5 39. Re1 Qh6 40. Qf2 Qg7
41. Bf3 Nh7 42. Qh2 Ng5 43. Bg2 Ne5 44. Nxe5 Qxe5 45. Nd3 Qxh2+ 46. Kxh2 f6 47.
Nf2 f5 48. gxf5 gxf5 49. Bf3 Kg7 50. Bh5 Rh8 51. Bf3 Kf6 52. Bg2 Rhe8 53. Nd3
Nxe4 54. Kg1 Nd2 55. Rxe7 Rxe7 56. Rxe7 Kxe7 57. Nc1 Kf6 58. Kf2 f4 59. Ke2 f3+
60. Bxf3 Nxf3 61. Kxf3 Bxh3 62. Kf4 Bf5 0-1

[Event "Chess Summer Candidates"]
[Site "Aarhus"]
[Date "2002.07.13"]
[Round "9"]
[White "Baekgaard, Martin"]
[Black "Bank, Pelle Rodkjaer"]
[Result "0-1"]
[WhiteElo "2221"]
[BlackElo "2269"]
[PlyCount "54"]
[EventDate "2002.07.05"]
[EventType "tourn"]
[EventRounds "9"]
[EventCountry "DEN"]


1. d4 Nf6 2. c4 c5 3. d5 b5 4. cxb5 a6 5. bxa6 g6 6. Nc3 Bxa6 7. Nf3 Bg7 8. e4
Bxf1 9. Kxf1 d6 10. h3 O-O 11. Kg1 Nbd7 12. Kh2 Qa5 13. Qc2 Rfb8 14. Re1 Ne8
15. Re2 Nc7 16. Bd2 Qa6 17. Bg5 Nb5 18. Nxb5 Rxb5 19. Bc1 Rab8 20. Qd3 Qa7 21.
a4 Rb3 22. Qc2 Qa6 23. Ra2 c4 24. a5 Nc5 25. e5 Nd3 26. Ra4 Nxc1 27. Qxc1 c3
0-1

[Event "Chess Summer Candidates"]
[Site "Aarhus"]
[Date "2002.07.13"]
[Round "9"]
[White "Hagen, Andreas Skytte"]
[Black "Lonborg, Morten"]
[Result "1/2-1/2"]
[WhiteElo "2185"]
[BlackElo "2152"]
[PlyCount "42"]
[EventDate "2002.07.05"]
[EventType "tourn"]
[EventRounds "9"]
[EventCountry "DEN"]


1. e4 Nc6 2. Nc3 Nf6 3. d4 e5 4. Nf3 exd4 5. Nxd4 Bc5 6. Be3 Nxd4 7. Bxd4 Qe7
8. Bc4 O-O 9. O-O Bxd4 10. Qxd4 d6 11. f4 Be6 12. Bxe6 Qxe6 13. Nd5 Nxd5 14.
exd5 Qf5 15. Qc4 Rac8 16. Rad1 c6 17. Qd3 Qxd5 18. Qxd5 cxd5 19. c3 Rfe8 20.
Rxd5 Re2 21. Rf2 Re1+ 1/2-1/2

[Event "Chess Summer Candidates"]
[Site "Aarhus"]
[Date "2002.07.13"]
[Round "9"]
[White "Jensen, Vagn"]
[Black "Jacobsen, Bo"]
[Result "0-1"]
[WhiteElo "2183"]
[BlackElo "2260"]
[PlyCount "162"]
[EventDate "2002.07.05"]
[EventType "tourn"]
[EventRounds "9"]
[EventCountry "DEN"]


1. e4 g6 2. d4 Bg7 3. Nc3 c6 4. Nf3 b5 5. a3 d6 6. h3 a6 7. Bg5 Nd7 8. Be2 Qc7
9. O-O e5 10. Qd2 Ngf6 11. Rad1 O-O 12. dxe5 dxe5 13. Qd6 Ra7 14. Nxe5 Nxe5 15.
Bxf6 Qxd6 16. Rxd6 Bxf6 17. Rxf6 Be6 18. Bg4 Nxg4 19. hxg4 Kg7 20. Rf3 Bxg4 21.
Rd3 a5 22. f3 Be6 23. Rfd1 Kf6 24. Rd6 Rc7 25. b3 g5 26. Kf2 h5 27. Ke3 Ke7 28.
Ne2 Rcc8 29. R6d2 b4 30. axb4 axb4 31. Nc1 Rb8 32. Nd3 Rb5 33. Ra1 Rc8 34. g3
c5 35. Rh1 Rh8 36. Rdh2 c4 37. bxc4 Bxc4 38. Nb2 Be6 39. Rxh5 Rc8 40. Kd2 b3
41. Rc1 Rd8+ 42. Ke3 bxc2 43. Rxc2 Rb3+ 44. Kf2 g4 45. fxg4 Ra8 46. Rhc5 Raa3
47. Kg1 Rxg3+ 48. Rg2 Rgb3 49. e5 Kf8 50. Kh2 Kg7 51. Rcc2 Bd5 52. Nc4 Rh3+ 53.
Kg1 Ra1+ 54. Kf2 Bxg2 55. Kxg2 Rah1 56. Rf2 Rh7 57. Kg3 Re1 58. Kf4 Rh6 59. Ne3
Ra6 60. Nf5+ Kg8 61. Rd2 Rf1+ 62. Ke4 Ra8 63. Rd7 Re8 64. Ne3 Rf2 65. g5 Kg7
66. Ng4 Rf1 67. Ne3 Re1 68. Kf4 Kg6 69. Rd6+ Re6 70. Rd8 Re2 71. Rg8+ Kh7 72.
Rd8 Rf2+ 73. Ke4 Ra6 74. Rd6 Ra4+ 75. Kd5 Rd2+ 76. Kc6 Re2 77. Rd3 Re4 78. Nd5
Rxe5 79. Rf3 Kg7 80. Rg3 Rc2+ 81. Kd6 Re6+ 0-1

[Event "Chess Summer Candidates"]
[Site "Aarhus"]
[Date "2002.07.13"]
[Round "9"]
[White "Matthiesen, Arne"]
[Black "Hoiberg, Nina"]
[Result "1-0"]
[WhiteElo "2287"]
[BlackElo "2268"]
[PlyCount "47"]
[EventDate "2002.07.05"]
[EventType "tourn"]
[EventRounds "9"]
[EventCountry "DEN"]


1. d4 Nf6 2. c4 e5 3. dxe5 Ne4 4. Nf3 Nc6 5. Nbd2 Bb4 6. a3 Bxd2+ 7. Bxd2 Nxd2
8. Qxd2 Qe7 9. Qc3 b6 10. O-O-O Bb7 11. g3 O-O-O 12. Bh3 g5 13. Bf5 h5 14. g4
hxg4 15. Bxg4 Rhe8 16. Rd5 Na5 17. b4 Bxd5 18. cxd5 Nb7 19. d6 Nxd6 20. exd6
Qxd6 21. e3 Re4 22. Rd1 Qg6 23. Ne5 Qf6 24. Rxd7 1-0

[Event "Chess Summer Candidates"]
[Site "Aarhus"]
[Date "2002.07.13"]
[Round "9"]
[White "Petersen, Tom Petri"]
[Black "Jensen, Jacob Bjerre"]
[Result "1-0"]
[WhiteElo "2109"]
[BlackElo "2182"]
[PlyCount "91"]
[EventDate "2002.07.05"]
[EventType "tourn"]
[EventRounds "9"]
[EventCountry "DEN"]


1. e4 e6 2. d3 d5 3. Nd2 Nf6 4. g3 c5 5. Bg2 Nc6 6. Ngf3 b6 7. O-O Bb7 8. Re1
Be7 9. c3 Qc7 10. Nf1 dxe4 11. dxe4 Rd8 12. Qc2 O-O 13. Bf4 Qc8 14. e5 Nd7 15.
Ne3 Qa8 16. Qe2 Rfe8 17. Rad1 Nf8 18. h4 Ng6 19. Kh2 Bf8 20. Rxd8 Rxd8 21. Rg1
Nxf4 22. gxf4 Ne7 23. Nd2 Ng6 24. Bxb7 Qxb7 25. Ng2 Qd5 26. Ne4 Qd3 27. Qxd3
Rxd3 28. h5 Ne7 29. Ne3 Nd5 30. Nf6+ Nxf6 31. exf6 g6 32. hxg6 fxg6 33. Kg2 Bd6
34. Kf3 Bc7 35. Ke4 Rd2 36. Ng4 Kf7 37. Ke3 Rd5 38. Ke4 Bd8 39. Rh1 h5 40. Ne5+
Kxf6 41. Rg1 Rd2 42. Rxg6+ Ke7 43. Ke3 Rxb2 44. Rg7+ Kf8 45. Rxa7 Bh4 46. Ng6+
1-0